| 000 | 00649nam a2200181 i 4500 | ||
|---|---|---|---|
| 001 | 113476 | ||
| 003 | ES-MaACL | ||
| 005 | 20230906185916.0 | ||
| 007 | t| | ||
| 008 | 061121s1943 sp d |||| | spa d | ||
| 100 | 1 |
_aPabón, José Manuel. _988100 |
|
| 245 | 1 | 0 |
_aDiccionario griego-español _b: con lista alfabética de formas verbales y apéndice gramatical / _cpor José Manuel Pabón y Eustaquio Echauri Martínez. |
| 260 |
_aBarcelona : _bEdics. Spes, _c1943. |
||
| 300 |
_aXV, 602 p. ; _c19 cm. |
||
| 650 | 0 | 4 |
_aLengua griega- _vDiccionarios- _xEspañol. _914242 |
| 700 | 1 |
_aEchauri Martínez, Eustaquio. _946503 |
|
| 852 |
_aES-MaACL _jA-5391 |
||
| 999 |
_c113476 _d113476 |
||